| 000 | 01170cam a2200229 4500 | ||
|---|---|---|---|
| 001 | ##L124931 | ||
| 002 | ##7675 | ||
| 008 | 040128n2003 000 0 eng u | ||
| 035 | _a(Sirsi) u124931 | ||
| 041 | 0 | _aeng | |
| 050 | 0 | 4 | _a692.2 $2 18 |
| 100 | 1 | _aSmith, Sean | |
| 245 | 0 | 0 |
_aSound solutions _bproposed robust standard details for the new Part E |
| 260 |
_aLondon _bHousebuilder Publications _c2003 |
||
| 300 |
_a31p _bdiagrams, tables _c30cm |
||
| 350 | _a40 | ||
| 520 | _aThe final report of the Robust Standard Details (RSD) Project Steering Group contains colour isometric drawings for masonry, wood and steel floor and wall insulation, precise design and specification notes, and description and instructions on sitework requirements, drawn from comprehensive and vigorous field tests by 58 major housebuilders on new build sites where sound testing was carried out on 1,300 units. It also contains commentary on aspects of Part E of the Building Regulations and RSD from members of the Group. | ||
| 650 | 2 | 4 | _aBUILDING REGULATIONS 2000 APPROVED DOCUMENT E (2003 EDITION) |
| 690 |
_aBuilding regulations _96224 |
||
| 700 | 1 | _aBaker, Dave | |
| 942 | _n0 | ||
| 999 |
_c103312 _d103312 |
||